Som za spoločný štát Slovákov a Čechov

Podrobná bibliografia
Hlavný autor: Hochel, Igor, 1953- (Autor)
Médium: Článok
Jazyk:slovenčina
Fyzický popis:Fot. 1.
Predmet:

MARC

LEADER 00000nab a2200000 a 4500
001 vtls000411382
003 SK-MaSNL
005 20260311224922.0
008 160202c1991 xo 0 slo
015 |a SNBRB19rr/mm-uuuuu 
035 |a CL0411506 
040 |a SNKBUCL  |b slo  |c SNKBUCL  |e AACR2 
041 0 |a slo 
044 |a xo  |c SK 
080 |a 323.1(437)  |2 1981 
100 1 |a Hochel, Igor,  |d 1953-  |4 aut  |9 101382 
245 1 0 |a Som za spoločný štát Slovákov a Čechov  |c Igor Hochel 
300 |b Fot. 1. 
650 0 7 |a vzťahy česko-slovenské  |2 snkbucl  |9 884461 
651 7 |a Československo  |2 snkbucl  |9 21376 
655 7 |a články z novín a časopisov  |2 snkbucl  |9 267496 
773 0 |t Literárny týždenník  |g Roč. 4, č. 10 (1991), s. 13 
850 |a Slovenská národná knižnica v Martine  |a MTA001 
852 |a SNK  |b KIS3GCP 
958 |a RK 
958 |a CZ 
999 |c 3263264  |d 3265194